000 00346nam a2200157Ia 4500
100 _aDeshpande/M.V
650 _aElectrical Machines
942 _cBK
366 _f27
245 _aElectrical machines
260 _bPrentice Hall of India
_c2011
082 _a621.31042
_bDES
300 _a430
546 _aENGLISH
_cPAMPHALETS
999 _c33879
_d33879